000 00665nam a22002417a 4500
003 UA-OsUOA
001 116692
007 ta
008 20160330b un ||||| |||| 00| 0 ukr d
100 _aКолесник С. П.
090 _a82-92
_bК60
942 _cBK
040 _aUA-OsUOA
_bukr
_cUA-OsUOA
_dUA-OsUOA
245 _aЧи будемо пересівати волю?
_bхудожня публіцистика
300 _a560 с.
955 _a3
041 _aukr
080 _a82-92
020 _a978-966-439-526-4
260 _aК.
_bКУ
_c2012
650 7 _a82 Література. Літературознавство
_2UDC
999 _c402572
_d402572